• 首页
  • 本馆介绍
  • 公告通知
  • 最新文献
  • 馆藏检索
  • 电子资源
  • 读者导购
  • 参考咨询
  • 我的图书馆
  • 登录
  • 详细信息显示
  • 放入我的书架
  • 预约/预借图书
  • 作者相关作品
  • 分类相关作品
  • 丛书相关作品
  • 出版社相关作品

书目信息

  • 表格格式
  • 工作单格式
  • 卡片格式
题名:
银行内部控制与内部稽核
    
 
作者: ;台湾金融研训院 编
分册:  
出版信息: 北京   中国金融出版社  2013
页数: 404页
开本: 25cm
丛书名: 两岸金融研训丛书
单 册:
中图分类: F239.45 , F830.22
科图分类:
主题词: 银行--内部审计--研究 , 银行监管--研究 , 银行 , 内部审计 , 银行监管
电子资源:
ISBN: 978-7-5049-7012-1
000 01257oam2 2200337 450
001 523
005 20140908164430.35
010    @a978-7-5049-7012-1@dCNY58.00
100    @a20140325d2013 em y0chiy50 ea
101 0  @achi
102    @aCN@b110000
105    @ay z 000yy
106    @ar
200 1  @a银行内部控制与内部稽核@AYin Xing Nei Bu Kong Zhi Yu Nei Bu Ji He@dThe bank's internal control and internal audit@f台湾金融研训院编@FTai Wan Jin Rong Yan Xun Yuan Bian@zeng
210    @a北京@c中国金融出版社@d2013
215    @a404页@d25cm
225 2  @a两岸金融研训丛书
305    @a由台湾金融研训院授权出版发行
330    @a本书具体内容包括:内部控制与内部稽核制度、金融机构各项业务查核、存汇业务、授信业务暨逾期放款、外汇业务、投资业务、信托业务、财富管理业务、票券及证券业务、消费金融业务、信息业务、衍生性金融商品。
461  0 @12001 @a两岸金融研训丛书
510 1  @aBank's internal control and internal audit@zeng
606 0  @a银行@x内部审计@x研究
606 0  @a银行监管@x研究
606 0  @a银行
606 0  @a内部审计
606 0  @a银行监管
690    @aF239.45@v5
690    @aF830.22@v5
711 02 @a台湾金融研训院@ATai Wan Jin Rong Yan Xun Yuan@4编
801  0 @aCN@bTANGWEI@c20140603
905    @b0840515-17@dF239.45@e476@f3
    
    银行内部控制与内部稽核=The bank's internal control and internal audit/台湾金融研训院编.-北京:中国金融出版社,2013
    404页;25cm.-(两岸金融研训丛书)
    
    
    ISBN 978-7-5049-7012-1:CNY58.00
    本书具体内容包括:内部控制与内部稽核制度、金融机构各项业务查核、存汇业务、授信业务暨逾期放款、外汇业务、投资业务、信托业务、财富管理业务、票券及证券业务、消费金融业务、信息业务、衍生性金融商品。
●
相关链接 在E读中查询图书 在五车中查询图书 在当当中查询图书 在豆瓣中查询图书


正题名:银行内部控制与内部稽核     索取号:F239.45/476         预约/预借

序号 登录号 条形码 馆藏地/架位号 状态 备注
1 0840515   208405153   第一样本阅览室/ [索取号:F239.45/476] 在馆    
2 0840516   208405162   第一借阅区/ [索取号:F239.45/476] 在馆    
3 0840517   208405171   密集书库-海洋学院/ [索取号:F239.45/476] 在馆    
唐山师范学院图书馆 欢迎您!
大连网信软件有限公司© 版权所有